Clarke v SoS for the Environment and Melton BC (Record no. 36104)

MARC details
000 -LEADER
fixed length control field 01586cab a2200229 4500
001 - CONTROL NUMBER
control field ABS46643
008 - FIXED-LENGTH DATA ELEMENTS--GENERAL INFORMATION
fixed length control field 090401t1992 xxu||||| |||| 00| 0 eng d
035 ## - SYSTEM CONTROL NUMBER
System control number (Sirsi) u58984
041 ## - LANGUAGE CODE
Language code of text/sound track or separate title eng
245 ## - TITLE STATEMENT
Title Clarke v SoS for the Environment and Melton BC
260 ## - PUBLICATION, DISTRIBUTION, ETC.
Date of publication, distribution, etc. 1992
350 ## - PRICE (NR) (BK AM CF MU VM SE) [OBSOLETE]
Price 0
490 ## - SERIES STATEMENT
Series statement Property and Compensation Reports
Volume/sequential designation (1992) 63 PCR 429-436(8)
520 ## - SUMMARY, ETC.
Summary, etc. QBD 5 July 1991. The appellant C built a barn which comprosed an agricultural unit for a flock of ewes. The barn was used to store equipment and as a repair workshop. The council served an enforcement notice requiring the removal of the barn as an unauthorised building. C appealed to the SoS who appointed an inspector to hold a public enquiry. C claimed he was entitled to build the barn because it was permitted development under Town and Country Planning (General Development Order) 1988 Sch 2 Class A. Issues arose as to whether the building was `reasonably necessary for the purposes of agriculture`. The inspector concluded that the barn was not necessary for the sheep unit and was not designed for agricultural purposes. C appealed. The appeal was allowed on the grounds that development permitted by the class is not confined to the particular agricultural activity being carried out at the time of the application and that it was designed for agricultural purposes.
650 ## - SUBJECT ADDED ENTRY--TOPICAL TERM
Topical term or geographic name entry element AGRICULTURAL BUILDINGS
650 ## - SUBJECT ADDED ENTRY--TOPICAL TERM
Topical term or geographic name entry element DESIGN
650 ## - SUBJECT ADDED ENTRY--TOPICAL TERM
Topical term or geographic name entry element GENERAL DEVELOPMENT ORDER 1988
650 ## - SUBJECT ADDED ENTRY--TOPICAL TERM
Topical term or geographic name entry element SHEEP FARMING
690 ## - LOCAL SUBJECT ADDED ENTRY--TOPICAL TERM (OCLC, RLIN)
Topical term or geographic name as entry element PLANNING LAW AND PRACTICE-CASE LAW
942 ## - ADDED ENTRY ELEMENTS (KOHA)
Suppress in OPAC 0
948 ## - LOCAL PROCESSING INFORMATION (OCLC); SERIES PART DESIGNATOR (RLIN)
c (OCLC) 04/03/1997
Holdings
Withdrawn status Lost status Source of classification or shelving scheme Damaged status Not for loan Home library Current library Shelving location Date acquired Total Checkouts Full call number Barcode Date last seen Copy number Price effective from Koha item type
    Dewey Decimal Classification     London London Journal article 14/09/1999   ABS46643 58984-1001 06/08/2019 1 06/08/2019 Law report